000 00520nam a22001817a 4500
003 OSt
005 20250224092725.0
008 250224b |||||||| |||| 00| 0 eng d
020 _a9780195738308
040 _aMMARA-U
_beng
_cMMARA-U
_dMMARA-U
_eMMARA-U
050 _aFIC PL 8706 .W37 2013
100 _aWasike, Kenna
_92609
245 _aKivuli cha ndoto /
_cKenna Wasike
260 _aNairobi :
_bOxford university press ,
_c2013 .
300 _a100 pages :
650 _akivuli cha ndoto
_92610
942 _2lcc
_cFICTION
999 _c33377
_d33374